书目信息 |
| 题名: |
Visual Basic程序设计
|
|
| 作者: | 王怀彬 , 杨文军 , 冯东晖 编著 | |
| 分册: | ||
| 出版信息: | 北京 机械工业出版社 2008.04 |
|
| 页数: | 339页 | |
| 开本: | 26cm | |
| 丛书名: | ||
| 单 册: | ||
| 中图分类: | TP312BA | |
| 科图分类: | ||
| 主题词: | BASIC语言--BASIC yu yan--程序设计--高等教育--教材 | |
| 电子资源: | ||
| ISBN: | 978-7-111-23502-6 | |
| 000 | 01109nam0 2200289 450 | |
| 001 | 012008276644 | |
| 005 | 20080611152957.31 | |
| 010 | @a978-7-111-23502-6@dCNY35.00 | |
| 100 | @a20080611d2008 em y0chiy0120 ea | |
| 101 | 0 | @achi |
| 102 | @aCN@b110000 | |
| 105 | @aa a 000yy | |
| 106 | @ar | |
| 200 | 1 | @aVisual Basic程序设计@AVisual Basic cheng xu she ji@f王怀彬 ... [等] 编著@Fwang huai bin...[deng]bian zhu |
| 210 | @a北京@c机械工业出版社@d2008.04 | |
| 215 | @a339页@c图@d26cm | |
| 300 | @a普通高等教育“十一五”计算机类规划教材 | |
| 304 | @a题名页题: 王怀彬, 杨文军, 冯东晖, 韩盛磊, 卜宏津编著 | |
| 320 | @a有书目 (第339页) | |
| 330 | @a本书共分13章,以Visual Basic 6.0版为主,介绍了Visual Basic程序设计的整个过程,包括:Visual Basic功能与特点、开发环境、Visual Basic语言编程基础、ActiveX控件等。 | |
| 606 | 0 | @aBASIC语言@ABASIC yu yan@x程序设计@x高等教育@j教材 |
| 690 | @aTP312BA@v4 | |
| 701 | 0 | @a王怀彬@Awang huai bin@4编著 |
| 701 | 0 | @a杨文军@Ayang wen jun@4编著 |
| 701 | 0 | @a冯东晖@Afeng dong hui@4编著 |
| 801 | 0 | @aCN@bQSSK@c20080611 |
| 905 | @b726618-20@dTP312BA@eW210@f3 | |
| Visual Basic程序设计/王怀彬 ... [等] 编著.-北京:机械工业出版社,2008.04 |
| 339页:图;26cm |
| 普通高等教育“十一五”计算机类规划教材 |
| ISBN 978-7-111-23502-6:CNY35.00 |
| 本书共分13章,以Visual Basic 6.0版为主,介绍了Visual Basic程序设计的整个过程,包括:Visual Basic功能与特点、开发环境、Visual Basic语言编程基础、ActiveX控件等。 |
| ● |
| 相关链接 |
|
|
|
正题名:Visual Basic程序设计
索取号:TP312BA/W210
 
预约/预借
| 序号 | 登录号 | 条形码 | 馆藏地/架位号 | 状态 | 备注 |
| 1 | 726618 | 207266180 | 期刊室512/301自科库 77排1列1层/ [索取号:TP312BA/W210] | 在馆 | |
| 2 | 726619 | 207266199 | 自科库301/404自科库 9排4列4层/ [索取号:TP312BA/W210] | 在馆 | |
| 3 | 726620 | 207266206 | 期刊室512/301自科库 81排1列5层/ [索取号:TP312BA/W210] | 在馆 |